Mechanizmy verejnej voľby a verejný sektor metodická pomôcka na semináre

Na minha lista:
Detalhes bibliográficos
Autor principal: Rozborilová, Dária
Formato: Livro
Idioma:eslovaco
Publicado em: Bratislava ŠEVT 2006
Assuntos:
Tags: Adicionar Tag
Sem tags, seja o primeiro a adicionar uma tag!

MARC

LEADER 00000nam$a2200000$$$4500
001 0057307
005 20240502071639.4
020 |a 978-80-88707-78-3 
041 0 |a slo 
044 |a SK 
245 1 0 |a Mechanizmy verejnej voľby a verejný sektor  |b metodická pomôcka na semináre  |c Daria Rozborilová 
264 1 |a Bratislava  |b ŠEVT  |c 2006 
300 |a 37 s. 
610 2 0 |a sektor verejný 
610 2 0 |a sektor súkromný 
610 2 0 |a voľby 
610 2 0 |a politika vnútorná 
610 2 0 |a strany politické 
100 1 |a Rozborilová, Dária